000 00457nam a22001577a 4500
005 20251108170921.0
008 250721s1981 xx 000 0 ara d
082 1 4 _aط/511.2/عد
100 1 _aعثمان، فهمي
_eترجمة
245 1 0 _aالعد و القياس /
264 1 _aعمان :
_bالجمعية العلمية الملكية الأردنية،
_c1981.
300 _a30ص
650 1 7 _aالحساب
942 _2ddc
_cBK
999 _c52053
_d52053